RICS Tenant Satisfaction Index: Tune in to tenants, February 2005 (Record no. 75094)
[ view plain ]
| 000 -LEADER | |
|---|---|
| fixed length control field | 01134cab a2200205 4500 |
| 001 - CONTROL NUMBER | |
| control field | L129386 |
| 008 - FIXED-LENGTH DATA ELEMENTS--GENERAL INFORMATION | |
| fixed length control field | 050414n2005 000 0 eng u |
| 035 ## - SYSTEM CONTROL NUMBER | |
| System control number | (Sirsi) u129386 |
| 041 ## - LANGUAGE CODE | |
| Language code of text/sound track or separate title | eng |
| 110 ## - MAIN ENTRY--CORPORATE NAME | |
| Corporate name or jurisdiction name as entry element | Royal Institution of Chartered Surveyors |
| 9 (RLIN) | 4900 |
| 245 ## - TITLE STATEMENT | |
| Title | RICS Tenant Satisfaction Index: Tune in to tenants, February 2005 |
| Medium | [electronic resource] |
| 260 ## - PUBLICATION, DISTRIBUTION, ETC. | |
| Date of publication, distribution, etc. | 2005 |
| 520 ## - SUMMARY, ETC. | |
| Summary, etc. | The first "RICS tenant satisfaction index" shows that better communication by landlords and managing agents would help improve UK business tenants satisfaction levels. The research was carried out by customer satisfaction experts CFI Group and the IPD Occupiers Property Databank. Tenants identified areas of concern including dispute resolution, contract detail and lease flexibility. |
| 590 ## - LOCAL NOTE (RLIN) | |
| Local note | KA |
| 590 ## - LOCAL NOTE (RLIN) | |
| Local note | IKA150405 |
| 650 24 - SUBJECT ADDED ENTRY--TOPICAL TERM | |
| Topical term or geographic name entry element | OCCUPIE$ SATISFACTION |
| 690 ## - LOCAL SUBJECT ADDED ENTRY--TOPICAL TERM (OCLC, RLIN) | |
| Topical term or geographic name as entry element | PROPERTY-COMMERCIAL PROPERTY-LEASEHOLD COMMERCIAL PROPERTY-COMMERCIAL LANDLORD AND TENANT-BUSINESS TENANCIES |
| 856 ## - ELECTRONIC LOCATION AND ACCESS | |
| Uniform Resource Identifier | <a href="https://www.rics.org/Global/Downloads/TenantSatisfactionIndex200502.pdf">https://www.rics.org/Global/Downloads/TenantSatisfactionIndex200502.pdf</a> |
| Public note | View the item free of charge at www.rics.org... |
| 942 ## - ADDED ENTRY ELEMENTS (KOHA) | |
| Suppress in OPAC | 0 |
| Withdrawn status | Lost status | Source of classification or shelving scheme | Damaged status | Not for loan | Home library | Current library | Shelving location | Date acquired | Total Checkouts | Full call number | Barcode | Date last seen | Copy number | Price effective from | Koha item type |
|---|---|---|---|---|---|---|---|---|---|---|---|---|---|---|---|
| Dewey Decimal Classification | Virtual | Virtual | Online | 28/06/2006 | ONLINE PUBLICATION | 129386-2001 | 06/08/2019 | 1 | 06/08/2019 | Book |